000 00811nam a2200229 i 4500
001 158290
003 ES-MaACL
005 20230906211105.0
008 960320s1897 fr a |||| | fre d
040 _aGA
_bspa
_cCCPB | SIC
080 _a821.134.2-2.09
100 1 _aLyonnet, Henry.
_974954
245 1 3 _aLe théâtre en Espagne /
_cHenry Lyonnet.
260 _aParis :
_bPaul Ollendorff,
_c1897 (
_eÉvreux :
_fImprimerie de Charles Hérissey)
300 _a[4], 324 p. :
_bil. ;
_c19 cm.
490 1 _aLe théâtre hors de France. Première série
597 _aGrab. intercalados en el texto.
650 4 _aTeatro español-
_xHistoria y crítica.
_9136908
830 0 _aLe théâtre hors de France. Première série
_9221845
852 _aES-MaACL
_jF-1346
_z-- Enc. hol.
999 _c158290
_d158290